000 00596nam a2200181 i 4500
001 63423
003 ES-MaACL
005 20230906164848.0
007 t|
008 031210s1983 sp ||||1| spa d
100 1 _aFerrer, Diego.
_950411
245 1 0 _aHistoria del Real Colegio de Cirugía de la Armada de Cádiz /
_cDiego Ferrer.
250 _a[2ª ed.].
260 _aCádiz :
_bUniversidad de Cádiz, Servicio de Publicaciones,
_c1983.
300 _aXV, 371 p., 6 lám. ;
_c21 cm.
610 0 4 _aReal Colegio de Cirugía de Cádiz-
_xHistoria.
_96349
852 _aES-MaACL
_jL-6244
_bR.106797
999 _c63423
_d63423